Construyendo los temas clave de la cooperación para el desarrollo en México /

La Agenda Mexicana de la Cooperación Internacional para el Desarrollo 2008-2015, es un proyecto ejecutado por el Instituto Mora y cuyo resultado, entre otros productos, es la publicación de dos libros: Construyendo los temas clave de la cooperación para el desarrollo en México y Cooperación internac...

Szczegółowa specyfikacja

Zapisane w:
Opis bibliograficzny
1. autor: Schmukler, Beatriz (coord.)
Kolejni autorzy: Ayala Martínez, Citlali (coordinación) (coordinación), Sánchez Gutiérrez, Gabriela (coordinación) (coordinación)
Format: Książka
Język:hiszpański
Wydane: México : Instituto Mora : Miguel Angel Porrúa, 2008, c2008
Hasła przedmiotowe:
Etykiety: Dodaj etykietę
Nie ma etykietki, Dołącz pierwszą etykiete!

MARC

LEADER 00000nam^a2200000^a^4500
001 000350695
005 20250521000000.0
009 20260310114949.66
020 |a 978-970-819-096-1 
037 |a Acervo ITESO - Biblioteca 
041 |a ESP 
082 |a 327. 170972  |b SCH 
100 |a Schmukler, Beatriz  |e (coord.) 
245 1 0 |a Construyendo los temas clave de la cooperación para el desarrollo en México /  |c Coord. de B. Schmukler, C. Ayala Martínez, G. Sánchez Gutiérrez ; pról. e introd. de G. Sánchez Gutiérrez ; prelim. e introd. de B. Schmukler. 
264 4 |a México :  |b Instituto Mora :  |b Miguel Angel Porrúa,  |c 2008, c2008 
300 |a 291 p. 
336 |a texto  |b txt  |2 rdacontenido 
337 |a sin mediación  |b n  |2 rdamedio 
338 |a volumen  |b nc  |2 rdasoporte 
520 |a La Agenda Mexicana de la Cooperación Internacional para el Desarrollo 2008-2015, es un proyecto ejecutado por el Instituto Mora y cuyo resultado, entre otros productos, es la publicación de dos libros: Construyendo los temas clave de la cooperación para el desarrollo en México y Cooperación internacional para el desarrollo en México: hacia una agenda participativa. En ellos se abordan por un lado, los principales ámbitos en los que el país tiene la urgencia de crecer para enfrentar el fenómeno de la pobreza y la exclusión y por otro, la implementación de mecanismos institucionales para gestionar el apoyo financiero internacional de organismos gubernamentales y no gubernamentales. 
649 |a XX 
650 |a Migrantes Mexicanos 
650 |a Pobreza -  |z México 
650 |a Marginación -  |z México 
650 |a Igualdad y Desigualdad -  |z México 
650 |a Género -  |z México 
650 |a Migración -  |z México 
650 |a Política Migratoria -  |z México 
650 |a Política Social -  |z México 
650 |a Derechos Humanos -  |z México 
650 |a Desarrollo Sustentable -  |z México 
650 |a Desarrollo Económico-Social -  |z México -  |x Tema Principal 
650 |a Cooperación Internacional -  |z México -  |x Tema Principal 
650 |a Economía Internacional 
650 |a Economía -  |z México -  |x Historia -  |y Siglo XXI 
700 |a Ayala Martínez, Citlali  |e (coordinación) 
700 |a Sánchez Gutiérrez, Gabriela  |e (coordinación) 
910 |a Fondo General 
920 |a Impresos - Libros 
930 |a Colección General 
905 |a 101 
901 |a 0500241130  |b IT1  |c ACC  |i C145387  |u 20250521 
902 |a https://opac.biblio.iteso.mx/vufind/Record/000350695